000 00929nam a2200241 i 4500
001 bg
245 0 0 _aŻycie polityczne w Polsce :
_bwybrane problemy.
260 _aPoznań :
_bWydaw. Naukowe INPiD UAM - Instytutu Nauk Politycznych i Dziennikarstwa Uniwersytetu im. Adama Mickiewicza,
_c2004.
300 _a159 s. :
_brys., tab., wykr. ;
_c24 cm.
504 _aBibliogr. przy rozdz.
650 9 _aTransformacja systemu społeczno-gospodarczego
_zPolska
651 9 _aPolska
_xpolityka
_yod 1989 r.
655 _aSzkice literackie
700 1 _aWALLAS, Tadeusz.
_eRed.
020 _a8387704784
040 _cBPK
041 0 _apol
080 _a323:316.422](438)"1989/..."
920 _a83-87704-78-4
942 _cKS
008 s pl f |000 0 pol
999 _c45023
_d45023
856 _uhttp://koha.tu.koszalin.pl/cgi-bin/koha/opac-detail.pl?biblionumber=45023
_yKatalog online BPK